El camino hacia el amor /
Inspirador, lírico y al mismo tiempo muy práctico, éste es un libro que invita al espíritu a desarrollar todo su potencial en el terreno del corazón humano. Recurriendo a los textos sagrados de la India y a otras grandes tradiciones culturales, Deepak Chopra describe las siete etapas del amor. En ca...
Guardado en:
| Autor Principal: | |
|---|---|
| Otros Autores: | |
| Formato: | Libro |
| Idioma: | Undetermined |
| Publicado: |
Barcelona :
Zeta,
2008.
|
| Edición: | 1a ed. |
| Series: | Divulgación
|
| Materias: | |
| Etiquetas: |
Agregar Etiqueta
Sin Etiquetas, Sea el primero en etiquetar este registro!
|
| LEADER | 01258nam a22002295a 4500 | ||
|---|---|---|---|
| 001 | CEM.cems025220 | ||
| 008 | 260617s2008####sp############000#0#und#d | ||
| 005 | 20260617150830.0 | ||
| 245 | 1 | 0 | |a El camino hacia el amor / |c Deepak Chopra. |
| 250 | |a 1a ed. | ||
| 260 | |a Barcelona : |b Zeta, |c 2008. | ||
| 300 | |a 359 p. | ||
| 490 | 1 | |a Divulgación | |
| 500 | |a Traducción Edith Zilli. | ||
| 520 | |a Inspirador, lírico y al mismo tiempo muy práctico, éste es un libro que invita al espíritu a desarrollar todo su potencial en el terreno del corazón humano. Recurriendo a los textos sagrados de la India y a otras grandes tradiciones culturales, Deepak Chopra describe las siete etapas del amor. En cada una de ellas aporta vivencias como la de Claire, que sólo se enamora de hombres inalcanzables; o la de Frank y Della, cuya relación, tras ocho años de matrimonio, se ha convertido en una batalla de desconfianzas. Mediante la ayuda de una serie de ejercicios prácticos, podremos incorporar estas lecciones a nuestra propia experiencia. | ||
| 020 | |a 9788498720549 | ||
| 100 | 1 | |a Chopra, Deepak. | |
| 700 | 1 | |a Zilli, Edith; trad. | |
| 653 | |a Autoayuda | ||
| 653 | |a Emociones | ||
| 653 | |a Amor | ||
| 859 | |a CEMS |b BIB. CEMS - 11 de abril |h 157 |i C455 |p 30598.25 |t Ej.1 | ||
